| 000 | 00958nas a2200313 4500 | ||
|---|---|---|---|
| 001 | BR0800529 | ||
| 003 | BR-BrBNA | ||
| 005 | 20231205111502.0 | ||
| 007 | ta | ||
| 008 | 230509b bl.|||p| |||| 00| 00por d | ||
| 040 |
_aBR-BrBNA _bpor _cBiblioteca Nacional de Agricultura |
||
| 041 | _a(Pt) | ||
| 072 | _aH10; H20 | ||
| 100 | 1 | _aOliveira, F.S. de | |
| 100 | 1 | _aRocha, M.R. da | |
| 100 | 1 | _aCosta, R.B. da | |
| 100 | 1 | _aMachado, V. de O.F. | |
| 100 | 1 | _aNogueira, E.N. | |
| 245 | 1 | _aEfeito da adição de diferentes resíduos culturais ao solo sobre a população do nematóide de cisto da soja | |
| 650 | _aMATÉRIA ORGÂNICA | ||
| 650 | _aCONTROLE CULTURAL | ||
| 650 | _aANTAGONISMO | ||
| 650 | _aNEMATÓIDE | ||
| 650 | _aSOJA | ||
| 650 | _aPARASITO DE PLANTA | ||
| 773 | 0 |
_tNematologia Brasileira (Brazil) _xISSN 0102-2997 _g(2006), v. 30(2) p. 171-177 _wBR0800529 |
|
| 909 |
_a202311 _bLúcia _c55 _dLúcia Elande |
||
| 942 |
_2AGRIS _n0 _cANA |
||
| 999 |
_c193006 _d193006 |
||